V. G. Poľjakov i V. M. Čisťjakov Russkij jazyk - učebnik dľa 1 klassa načaľnoj školy, izd. 6.

Bibliographic Details
Main Author: Horák, G. (Author)
Format: Article
Language:Slovak

MARC

LEADER 00000nab a2200000uu 4500
001 vtls011438817
003 SK-MaSNL
005 20260303151425.0
008 230222| xo |||||||||||||||||slo|
015 |a SNBRB 
035 |a (urnnbn)urn:nbn:sk:snk:ar-002u5m 
035 |a (uuid)5b72bdd5-a1be-485b-897e-5811642d168d 
035 |a urn:nbn:sk:snk-abcdns 
040 |a SNKBUCL  |b slo  |c SNKBUCL  |e AACR2 
041 0 |a slo 
044 |a xo  |c SK 
100 1 |a Horák, G.  |4 aut  |9 1115576 
245 1 0 |a V. G. Poľjakov i V. M. Čisťjakov Russkij jazyk - učebnik dľa 1 klassa načaľnoj školy, izd. 6.  |c G. Horák 
773 0 |t Slovenská reč : časopis pre výskum slovenského jazyka : orgán Jazykovedného ústavu Ľudovíta Štúra Slovenskej akadémie vied  |g Roč. 17, č. 7-8 (1951-1952), s. 241-246 
954 |a odborná, vedecká literatúra pôvodná (slovenská)  |2 lita 
958 |a OND 
958 |a EUIPO 
958 |a article16 
999 |c 2017593  |d 2019523